000
00493nam a2200145Ia 4500
008
100122s9999 xx 000 0 und d
082
_b
64732
_a
954
100
_a
केळकर श्रीपाद
245
_a
असहकाराचे आंदोलन
260
_b
कॉटिनेंटल प्रकाशन
_c
2003
300
_a
328
630
_a
असहकाराचे आंदोलन
730
_a
असहकाराचे आंदोलन
942
_c
BOOK
999
_c
438145
_d
438142